Loading...
| Beliefs | 10 | 6.00 | 60% | 0% | 0% |
| Fine Arts - Classical Music and Opera | 7 | 20.00 | 100% | 86% | 14% |
| Fine Arts - Other Fine Arts | 4 | 15.00 | 100% | 50% | 0% |
| Fine Arts - Visual Fine Arts | 4 | 17.50 | 100% | 75% | 0% |
| Geography | 2 | 10.00 | 50% | 50% | 0% |
| History - European History | 6 | 16.67 | 100% | 67% | 0% |
| History - Other History | 2 | 15.00 | 100% | 0% | 50% |
| History - US History | 4 | 17.50 | 75% | 75% | 25% |
| History - World History | 5 | 12.00 | 100% | 20% | 0% |
| Literature - American Literature | 6 | 10.00 | 67% | 33% | 0% |
| Literature - British Literature | 4 | 12.50 | 75% | 50% | 0% |
| Literature - European Literature | 5 | 12.00 | 100% | 20% | 0% |
| Literature - World Literature | 4 | 15.00 | 100% | 25% | 25% |
| Modern World | 2 | 15.00 | 100% | 50% | 0% |
| Other Academic | 4 | 10.00 | 100% | 0% | 0% |
| Philosophy | 7 | 11.43 | 71% | 29% | 14% |
| Science - Astronomy | 1 | 10.00 | 100% | 0% | 0% |
| Science - Biology | 5 | 14.00 | 100% | 40% | 0% |
| Science - Chemistry | 2 | 10.00 | 100% | 0% | 0% |
| Science - Other Science | 6 | 5.00 | 50% | 0% | 0% |
| Science - Physics | 2 | 20.00 | 100% | 100% | 0% |
| Social Science | 9 | 13.33 | 78% | 44% | 11% |